[Event "BRA-ch sf"]
[White "Rocha, Wellington Carlos"]
[Black "Leitao, Nicolau Daulibe"]
[Site "Vitoria"]
[Round "3"]
[Result "1-0"]
[Date "2009.10.31"]
[WhiteElo "2426"]
[BlackElo "2097"]
[PlyCount "69"]
[EventDate "2009.10.30"]
[EventType "swiss"]
[EventRounds "7"]
[EventCountry "BRA"]
[SourceTitle "EXT 2010"]
[Source "ChessBase"]
[SourceDate "2010.11.25"]
[SourceVersion "1"]
[SourceVersionDate "2010.11.25"]
[SourceQuality "1"]

1. e4 e5 2. Nf3 Nc6 3. Bb5 f5 4. Bxc6 dxc6 5. Nc3 Nf6 6. Qe2 fxe4 7. Nxe4 Nxe4 8. Qxe4 Qd5 9. d3 Bd6 10. c4 Qxe4+ 11. dxe4 0-0 12. Be3 Bg4 13. c5 Bxf3 14. gxf3 Be7 15. Ke2 Rf7 16. Rhd1 Bh4 17. Rd3 Raf8 18. Bd2 Re7 19. Rc1 Kf7 20. Rc4 Ke6 21. Rb3 Ref7 22. Ra4 a6 23. Raa3 Be7 24. Be3 b6 25. Rxa6 bxc5 26. Rxc6+ Kd7 27. Ra6 Rxf3 28. Rd3+ Bd6 29. Rd5 Rh3 30. Bxc5 Rxh2 31. b4 g5 32. b5 g4 33. b6 g3 34. bxc7 gxf2 35. Rdxd6+ 1-0

[Event "Nova Resende"]
[White "Nery Junior, Jose Antonio"]
[Black "Rocha, Wellington Carlos"]
[Site "Nova Resende"]
[Round "7"]
[Result "0-1"]
[Date "2009.10.??"]
[WhiteElo "1913"]
[BlackElo "2434"]
[PlyCount "72"]
[EventDate "2009.10.??"]
[EventType "tourn"]
[EventRounds "11"]
[EventCountry "BRA"]
[EventCategory "2"]
[SourceTitle "EXT 2011"]
[Source "ChessBase"]
[SourceDate "2010.11.26"]
[SourceVersion "1"]
[SourceVersionDate "2010.11.26"]
[SourceQuality "1"]

1. e4 c5 2. Nf3 Nc6 3. Nc3 g6 4. d4 cxd4 5. Nxd4 Bg7 6. Be3 Nf6 7. Nxc6 bxc6 8. e5 Nd5 9. Nxd5 cxd5 10. Qxd5 Rb8 11. Bxa7 Rxb2 12. Bd4 Rxc2 13. Bd3 Rc6 14. 0-0 0-0 15. Bb5 Re6 16. a4 d6 17. a5 dxe5 18. Qxd8 Rxd8 19. Bb6 Rf8 20. Bc7 e4 21. Ra4 e3 22. fxe3 Rxe3 23. a6 Rc3 24. Bf4 Rc5 25. Be2 Bd7 26. Ra3 Bb2 27. Ra2 Bd4+ 28. Kh1 e5 29. Bd2 Be6 30. Ra4 Ra8 31. Rb1 Kg7 32. Bb4 Rc6 33. Bb5 Rb6 34. Bd3 Bc8 35. Rc1 Bd7 36. Be4 Bxa4 0-1

[Event "Nova Resende"]
[White "Rocha, Wellington Carlos"]
[Black "Cominato Neto, Jose Luis"]
[Site "Nova Resende"]
[Round "1"]
[Result "0-1"]
[Date "2009.10.??"]
[WhiteElo "2434"]
[BlackElo "2168"]
[PlyCount "70"]
[EventDate "2009.10.??"]
[EventType "tourn"]
[EventRounds "11"]
[EventCountry "BRA"]
[EventCategory "2"]
[SourceTitle "EXT 2011"]
[Source "ChessBase"]
[SourceDate "2010.11.26"]
[SourceVersion "1"]
[SourceVersionDate "2010.11.26"]
[SourceQuality "1"]

1. e4 c6 2. d4 d5 3. Nc3 g6 4. h3 Bg7 5. Nf3 dxe4 6. Nxe4 Nf6 7. Nxf6+ exf6 8. Bc4 0-0 9. 0-0 Nd7 10. Re1 b5 11. Bb3 Bb7 12. a4 a6 13. a5 c5 14. c3 c4 15. Bc2 f5 16. b3 Nf6 17. bxc4 bxc4 18. Bg5 h6 19. Bxf6 Bxf6 20. Nd2 Bg5 21. Re5 Bf4 22. Rc5 Bxg2 23. Kxg2 Qg5+ 24. Kh1 Bxd2 25. Qf3 Rae8 26. Rg1 Re1 27. Rxe1 Bxe1 28. Rxc4 Qd2 29. Qe3 Qxc2 30. Qxe1 Qd3 31. Rb4 Qxh3+ 32. Kg1 f4 33. d5 f3 34. Qf1 Qf5 35. d6 Re8 0-1